000 00448nam a2200193Ia 4500
005 20240823015105.0
008 240823s9999||||xx |||||||||||||| ||und||
020 _a81-203-2663-6
041 _aENGLISH
082 _A616.89 P5
100 _a"Sarason,Irwin G"
245 0 _aAbnormal Psycology
250 _a11th
260 _c2005
_b"PHI,New "
_aNew Delhi
500 _aYES
650 _aPsycology
_bGeneral
942 _cBK
999 _c171617
_d171617